000 00522nam a22001697a 4500
999 _c190135
_d190135
005 20220719105211.0
010 _aENG-133681
020 _c200.00
035 _aEN-117213
037 _bDBAD/PUB
100 _aRaghavendran, Tamraparni Subbachar
245 _aTwo Eyes Of Bhagawatam/
_cTanaraparni Subbachar Raghavendran
260 _aTiruchanur
_bSrinam Madhawa Sidhanta Onnahini Sabha
_c2021
270 _btiruchanur
_e517503
300 _avi;217p.
_bill.
_c21.5m(Pbk)
942 _2ddc
_cEN
_h230.1
_mRAG